000 00791nam a2200217 a 4500
001 000173107
003 AM-YeHGA
005 20250617123449.0
008 990906s1976 uz ||||gr|||||||||0|rus|d
040 _aAM-YeHGA
041 0 _arus
245 0 0 _aСелевые явления в Узбекистане /
_cП.М. Карпов, В.П. Пушкаренко и др. ; Отв. ред. Н.Н. Ходжибаев.
260 _aТашкент :
_bФан,
_c1976.
300 _a133 с.
650 1 4 _aСелевые потоки
700 1 _aПушкаренко, В.П.
700 1 _aХоджибаев, Н.Н.
_eред.
_4edt
710 2 _aИн-т гидрогеологии и инженерной геологии АН Узбекской ССР
942 _2udc
_cBK
090 _c60296
999 _c59319
_d59319